书目信息 |
| 题名: |
常用构词字典
|
|
| 作者: | 陈章焕 , 傅兴岭 主编 | |
| 分册: | ||
| 出版信息: | 北京 中国人民大学出版社 1982 |
|
| 页数: | 531页 | |
| 开本: | 19cm | |
| 丛书名: | ||
| 单 册: | ||
| 中图分类: | H146.1 | |
| 科图分类: | ||
| 主题词: | 汉语--构词法--近代 , 汉语--构词法--现代 | |
| 电子资源: | ||
| ISBN: | ||
| 000 | 00712nam0 2200253 45 | |
| 001 | 0182001448 | |
| 005 | 20060607160507.09 | |
| 010 | @b精装@dCNY2.15 | |
| 091 | @aCN@b9011.81 | |
| 100 | @a19950704d1982 em y0chiy0121 ea | |
| 101 | 0 | @achi |
| 102 | @aCN@b110000 | |
| 105 | @ay e 000yy | |
| 200 | 10 | @a常用构词字典@Achang yong gou ci zi dian@f傅兴岭,陈章焕主编@FFu Xing Ling,Chen Zhang Huan Zhu Bian |
| 210 | @a北京@c中国人民大学出版社@d1982 | |
| 215 | @a531页@d19cm | |
| 606 | 0 | @a汉语@x构词法@z近代 |
| 606 | @a汉语@x构词法@z现代 | |
| 690 | @aH146.1@v3 | |
| 701 | 0 | @a陈章焕@4主编 |
| 701 | 0 | @a傅兴岭@4主编 |
| 801 | 2 | @aCN@bNLC@c20060607 |
| 801 | 0 | @aCN@b上海图书馆@c20050427 |
| 905 | @dH146.1@e18 | |
| 常用构词字典/傅兴岭,陈章焕主编.-北京:中国人民大学出版社,1982 |
| 531页;19cm |
| ISBN (精装):CNY2.15 |
| ● |
| 相关链接 |
|
|
|
|
正题名:常用构词字典
索取号:H146.1/18
 
预约/预借
| 序号 | 登录号 | 条形码 | 馆藏地/架位号 | 状态 | 备注 |
| 1 | 0083750 | 202078054 | 第二样本阅览室/ [索取号:H146.1/18] | 在馆 | |
| 2 | 0083751 | 001567101 | 密集书库/ [索取号:H146.1/18] | 在馆 | |
| 3 | 0083752 | 002036638 | 密集书库/ [索取号:H146.1/18] | 在馆 | |
| 4 | 0083753 | 001665576 | 密集书库/ [索取号:H146.1/18] | 在馆 | |
| 5 | 0083754 | 001567290 | 密集书库/ [索取号:H146.1/18] | 在馆 | |
| 6 | 0168554 | 001567325 | 密集书库/ [索取号:H146.1/18] | 在馆 | |
| 7 | 0168555 | 001567334 | 密集书库/ [索取号:H146.1/18] | 在馆 | |
| 8 | 0168556 | 001567307 | 密集书库/ [索取号:H146.1/18] | 在馆 | |
| 9 | 0421024 | 204210246 | 密集书库/ [索取号:H146.1/18] | 在馆 | |
| 10 | 0421025 | 204210255 | 密集书库/ [索取号:H146.1/18] | 在馆 | |
| 11 | 0421026 | 204210264 | 密集书库/ [索取号:H146.1/18] | 在馆 |